MLB Year in Review 2010 - Statistics

General Stats
  • This quiz has been taken 7 times
  • The average score is 17 of 25
Answer Stats
Category Answer % Correct
AL Cy Young (SEA) Felix Hernandez
100%
ERA Leader (2.27 SEA) Felix Hernandez
100%
NL MVP (CIN) Joey Votto
100%
RBI Leader (126 DET) Miguel Cabrera
100%
ALCS Loser New York Yankees
100%
NLCS Loser Philadelphia Phillies
100%
Best Record (97 - 65) Philadelphia Phillies
100%
World Series Loser Texas Rangers
100%
NL Rookie of the Year (SFG) Buster Posey
83%
Hits Leader (214 SEA) Ichiro Suzuki
83%
AL MVP (TEX) Josh Hamilton
83%
WAR Leader (8.7 TEX) Josh Hamilton
83%
Batting Champion (.359 TEX) Josh Hamilton
83%
Wins Leader (21 PHI, NYY) Roy Halladay | CC Sabathia
83%
World Series Winner San Francisco Giants
83%
Home Run Leader (54 TOR) Jose Bautista
67%
NL Cy Young (PHI) Roy Halladay
67%
Strike Outs Leader (233 LAA) Jared Weaver
50%
Doubles Leader (49 BOS) Adrian Beltre
33%
Saves Leader (48 SFG) Brian Wilson
33%
Worst Record (57 - 105) Pittsburgh Pirates
33%
Name 1 HOF Inductee (AD, WH) Andre Dawson | Whitey Herzog
17%
Triples Leader (14 COL) Dexter Fowler
17%
AL Rookie of the Year (TEX) Neftali Feliz
17%
Stolen Base Leader (68 CHW) Juan Pierre
0%
No matching quizzes found
Score Distribution
Percent of People with Each Score
Percentile by Number Answered
Your Score History
You have not taken this quiz